• 首页
  • 本馆介绍
  • 公告通知
  • 最新文献
  • 馆藏检索
  • 电子资源
  • 读者导购
  • 参考咨询
  • 我的图书馆
  • 登录
  • 详细信息显示
  • 放入我的书架
  • 预约/预借图书
  • 作者相关作品
  • 分类相关作品
  • 丛书相关作品
  • 出版社相关作品

书目信息

  • 表格格式
  • 工作单格式
  • 卡片格式
书名: The new comparative world atlas
作者:
分册号:
分册名:
出版地: Maplewood, N.J. :
 
出版社: Hammond Inc
出版时间: 1996.
页数: 1 atlas (96 p.) :
开本: 32 cm.
丛书名:
中图分类号:
科图分类号:
其他分类号: K991
主题词:
电子资源:
000 01102cem a22003614a 450
001 E0755475524
005 20070517153129.53
007 ad canzn
008 061130s1996 njubgc e 1 eng
010    @a2006636673
020    @a0843771011.
034 0  @aa
040    @aDLC@cDLC@dDLC
042    @apcc
050 00 @aG1021@b.H38 1996
052    @a3200
082 00 @a912@2 22
099    @dK991@ex46
110 2  @aHammond Incorporated.
245 14 @aThe new comparative world atlas.
246 30 @aWorld atlas
246 30 @aNew comparative world atlas
255    @aScales differ.
260    @aMaplewood, N.J. :@bHammond Inc.,@c1996.
300    @a1 atlas (96 p.) :@bcol. ill., col. maps ;@c32 cm.
500    @aRelief shown by shading and spot heights. Depths shown by gradient tints.
500    @aTitle from cover.
500    @aIncludes indexes.
541    @cGift;@aHammond;@d2003.@5 DLC
650  0 @aAtlases.
906    @a7@bcbc@corigcop@du@encip@f20@gy-geogmaps
925 0  @aacquire@b1 shelf copy@xpolicy default
955    @aga46 2005-02-09 sent to CMT@aaa04 2005-02-23
    
    The new comparative world atlas.-Maplewood, N.J. : : Hammond Inc., , 1996.
    1 atlas (96 p.) : : col. ill., col. maps ; ; 32 cm.
    Relief shown by shading and spot heights. Depths shown by gradient tints.-Title from cover.-Includes indexes.-Hammond;
    
    ISBN 0843771011.
    
●
相关链接 在E读中查询图书 在五车中查询图书 在当当中查询图书 在豆瓣中查询图书


正题名:new comparative world atlas     索取号:K991/x46         预约/预借

序号 登录号 条形码 馆藏地/架位号 状态 备注
1 9534   300095340   第二样本阅览室/ [索取号:K991/x46] 在馆    
唐山师范学院图书馆 欢迎您!
大连网信软件有限公司© 版权所有